| 000 | 01410nmm a2200349 a 4500 | ||
|---|---|---|---|
| 001 | ocm0002015809 | ||
| 003 | TR-IsHL | ||
| 005 | 20201028180905.0 | ||
| 008 | 181216s2007 tu tur | ||
| 007 | cr cn | ||
| 020 | _a9786053848127 | ||
| 035 |
_a2015809 _b(N$T) |
||
| 050 | 0 | 4 |
_aHQ755.8 _bB8419 2007 |
| 090 | 0 | 4 |
_aHQ755.8 _bB8419 2007 |
| 100 | 1 | _aBuffington, Perry W. | |
| 245 | 1 | 0 |
_aAnne babalar için çocuk yetiştirmede psikolojik taktikler: başarılı bir anne baba olmak için 62 garantili ipucu ve çözüm yöntemi _h[electronic resource] / _cPerry W. Buffington ; çeviren Taner Gezer ; illüstrasyonlar Jen Singh |
| 260 |
_aİstanbul : _bYakamoz Kitap, _c2007 |
||
| 300 | _a192 p. | ||
| 500 | _aOrijinal Adı: Cheap Psychological Tricks for Parents | ||
| 650 | 4 | _aDil ve Edebiyat | |
| 650 | 4 | _aLanguage and Literature | |
| 650 | 0 |
_aParenting _x Psychological aspects |
|
| 650 | 0 |
_aEbeveynlik _x Psikolojik açidan |
|
| 650 | 0 |
_aChild rearing _x Psychological aspects |
|
| 650 | 0 |
_aÇocuk yetiştirme _x Psikolojik açidan |
|
| 650 | 0 |
_aParent and child _x Psychological aspects |
|
| 650 | 0 |
_aEbeveyn ve çocuk _x Psikolojik açidan |
|
| 650 | 7 |
_aFAMILY & RELATIONSHIPS / Parenting / General _2bisacsh |
|
| 700 | 1 | _aGezer, Taner | |
| 700 | 1 | _aSingh, Jen | |
| 856 | 4 | 0 | _uhttp://search.ebscohost.com/login.aspx?direct=true&scope=site&db=e011xww&AN=2015809 |
| 999 |
_c19350 _d19350 |
||